00775 2200325 4500001002100000005001500021035002000036007000300056008004100059020002200100082001100122084001700133100001800150245005800168250001000226260003900236300003100275650001800306700000900324990001300333990001300346990001100359990001300370990001100383990001100394990001100405990001100416990001100427990001100438INLIS00000000000210320180723105339 a0010-0718000055ta180723 g 0 ind  a978-602-1694-04-6 a808.83 a808.83 CIN p0 aCINUNG, Azizy1 aPenghuni Rumah Kayu /cCinung Azizy; penyunting, Beby acet.1 aJakarta :bAl- Kautsar Kids,c2014 a98 hlm. :bilus. ;c19 cm. aCERITA PENDEK0 aBEBY a*16489a* a*16489b* a16489b a*16489a* a16489a a16489b a16489a a16489b a16489b a16489a